[Event "Cto. Espana Selecciones Autonomicas"]
[Site "Padron"]
[Date "2006.10.05"]
[Round "1.5"]
[White "Gonzalez Merino, Alberto"]
[Black "Fidalgo Fernandez, Javier"]
[Result "1/2-1/2"]
[WhiteElo "2058"]
[BlackElo "2243"]
[PlyCount "61"]
[EventDate "2006.10.??"]

1. d4 d5 2. c4 dxc4 3. Nf3 Nf6 4. e3 e6 5. Bxc4 a6 6. O-O c5 7. Qe2 b5 8. Bb3
Bb7 9. Rd1 Nbd7 10. Nc3 Qb8 11. d5 Nxd5 12. Nxd5 Bxd5 13. Bxd5 exd5 14. Rxd5
Qb7 15. e4 Be7 16. Bg5 f6 17. Bf4 O-O 18. Nh4 Nb6 19. Rd3 Rfe8 20. Nf5 Bf8 21.
Re1 Rad8 22. Rxd8 Rxd8 23. e5 fxe5 24. Bxe5 Qd7 25. Qh5 Re8 26. h3 Nc4 27. Rd1
Qf7 28. Qg5 g6 29. Nd6 Nxd6 30. Bxd6 h6 31. Qg4 1/2-1/2

[Event "Cto. Espana Selecciones Autonomicas"]
[Site "Padron"]
[Date "2006.10.05"]
[Round "1.5"]
[White "Fidalgo Fernandez, Lucia"]
[Black "Iglesias Gascon, Albanta"]
[Result "1/2-1/2"]
[WhiteElo "2079"]
[BlackElo "2013"]
[PlyCount "160"]
[EventDate "2006.10.??"]

1. e4 e6 2. Nf3 d5 3. Nc3 Nf6 4. e5 Nfd7 5. d4 c5 6. dxc5 Bxc5 7. Bd3 Nc6 8.
Bf4 a6 9. O-O b5 10. Re1 Nb4 11. Bf1 Qb6 12. Bg3 Bb7 13. a3 Nc6 14. Bd3 h6 15.
Qe2 Rc8 16. Nxd5 exd5 17. e6 fxe6 18. Bg6+ Kd8 19. b4 Nd4 20. Qd3 Nxf3+ 21.
Qxf3 Bd4 22. Rad1 Bf6 23. Qg4 Nf8 24. Bd3 h5 25. Qf3 d4 26. Qe2 h4 27. Be5 Ke7
28. Qg4 Nd7 29. Bxf6+ gxf6 30. Qg7+ Kd6 31. Bh7 Rhe8 32. Qg4 e5 33. Qxh4 Kc7
34. Qg4 Qe6 35. Bf5 Qd5 36. Be4 Qg8 37. Qf3 Bxe4 38. Qxe4 Qc4 39. Qf5 Qe6 40.
Qd3 Qc6 41. Qf5 Rg8 42. g3 Rg5 43. Qd3 Kb7 44. h4 Rgg8 45. Qf5 Rg7 46. Re2 Rh8
47. Qh3 Qf3 48. Red2 Rhg8 49. Rd3 Qc6 50. c3 Rg4 51. cxd4 Rxd4 52. Rxd4 exd4
53. Rxd4 Nb6 54. Qf5 Re8 55. Rd1 Qe6 56. Qf3+ Qc6 57. Qf5 Re7 58. h5 Nd7 59. h6
Nf8 60. Qf4 Nh7 61. Rc1 Qd5 62. Qg4 Qe6 63. Qf3+ Qe4 64. Qc3 Qe6 65. Qf3+ Ka7
66. Qc3 Ng5 67. Qc5+ Kb7 68. Qc3 Nh7 69. Qf3+ Qe4 70. Qc3 Qe6 71. Qf3+ Ka7 72.
Qc3 Ng5 73. Qc5+ Kb7 74. Qc3 f5 75. Qd3 Qe4 76. Qd8 Nf3+ 77. Kf1 Qe2+ 78. Kg2
Ne1+ 79. Kg1 Nf3+ 80. Kg2 Ne1+ 1/2-1/2

[Event "Cto. Espana Selecciones Autonomicas"]
[Site "Padron"]
[Date "2006.10.06"]
[Round "2.1"]
[White "Romero Holmes, Alfonso"]
[Black "Almagro Llamas, Pablo"]
[Result "1-0"]
[WhiteElo "2512"]
[BlackElo "2404"]
[PlyCount "101"]
[EventDate "2006.10.??"]

1. e4 c6 2. d4 d5 3. e5 Bf5 4. h4 h5 5. c4 e6 6. Nc3 dxc4 7. Bxc4 Nd7 8. Bg5
Be7 9. Qd2 Qa5 10. Nge2 O-O-O 11. Qc1 f6 12. exf6 gxf6 13. Bd2 Qc7 14. Ng3 Nb6
15. Bb3 Bg4 16. Nce4 Nd5 17. O-O 17... f5 { } 18. Bxd5 fxe4 19. Bxe4 Bxh4 20.
Bf4 Qb6 21. d5 exd5 22. Bf5+ Bxf5 23. Nxf5 Bf6 24. Nd6+ Rxd6 25. Bxd6 Kd7 26.
Bc5 Qxb2 27. Qxb2 Bxb2 28. Rab1 b6 29. Rxb2 bxc5 30. Rb8 c4 31. Rfb1 Kd6 32.
Kf1 Kc5 33. Ke2 h4 34. Rd8 a5 35. f4 h3 36. gxh3 Rxh3 37. Rxg8 Rh2+ 38. Kf3 c3
39. f5 d4 40. Rd8 Kc4 41. f6 Rh7 42. Ke4 c5 43. Rc1 Rh4+ 44. Ke5 Rh5+ 45. Ke4
Rh4+ 46. Ke5 Rh5+ 47. Ke6 d3 48. f7 Rh6+ 49. Ke5 Rh5+ 50. Ke4 Rh4+ 51. Kf3 1-0

[Event "Cto. Espana Selecciones Autonomicas"]
[Site "Padron"]
[Date "2006.10.06"]
[Round "2.1"]
[White "Gallardo Garcia, Andres"]
[Black "Narciso Dublan, Marc"]
[Result "1/2-1/2"]
[WhiteElo "2314"]
[BlackElo "2511"]
[PlyCount "54"]
[EventDate "2006.10.??"]

1. d4 e6 2. c4 Nf6 3. Nc3 Bb4 4. Qc2 Nc6 5. Nf3 d6 6. a3 Bxc3+ 7. Qxc3 Qe7 8.
g3 e5 9. dxe5 dxe5 10. Bg2 O-O 11. O-O Bg4 12. Re1 a5 13. b3 Ne4 14. Qe3 Nc5
15. Bb2 f6 16. Rad1 Be6 17. Nd2 Rfd8 18. Ne4 Nxe4 19. Qxe4 Qc5 20. e3 a4 21. b4
Qxc4 22. Qxc4 Bxc4 23. Rc1 Bd5 24. b5 Bxg2 25. Kxg2 Na7 26. Rxc7 Nxb5 27. Rxb7
Rab8 1/2-1/2

[Event "Cto. Espana Selecciones Autonomicas"]
[Site "Padron"]
[Date "2006.10.06"]
[Round "2.1"]
[White "Fluvia Poyatos, Jordi"]
[Black "Alonso Fernandez, Marcos"]
[Result "1/2-1/2"]
[WhiteElo "2458"]
[BlackElo "2311"]
[PlyCount "78"]
[EventDate "2006.10.??"]

1. e4 c5 2. Nf3 e6 3. d4 cxd4 4. Nxd4 Nc6 5. Nc3 a6 6. g3 d6 7. Bg2 Bd7 8. O-O
Nf6 9. Nb3 Be7 10. f4 Rc8 11. Re1 O-O 12. e5 dxe5 13. fxe5 Nd5 14. Nxd5 exd5
15. c3 Be6 16. Bf4 b5 17. Qe2 Qc7 18. Rad1 Rfd8 19. Qf2 Na5 20. Nd4 b4 21. Rc1
Qb7 22. cxb4 Bxb4 23. Red1 Rxc1 24. Rxc1 Rc8 25. Rd1 Bc5 26. b3 Nc6 27. Be3 Qb6
28. Nf5 d4 29. Bg5 d3 30. Be3 Bxe3 31. Qxe3 Qxe3+ 32. Nxe3 Nxe5 33. Bb7 Rd8 34.
Bxa6 f6 35. Nc4 Ra8 36. Bb7 Rxa2 37. Nxe5 fxe5 38. Rxd3 Rb2 39. Bd5 Bxd5
1/2-1/2

[Event "Cto. Espana Selecciones Autonomicas"]
[Site "Padron"]
[Date "2006.10.06"]
[Round "2.1"]
[White "Fernandez Garcia, Miguel Angel"]
[Black "Alsina Leal, Daniel"]
[Result "0-1"]
[WhiteElo "2304"]
[BlackElo "2430"]
[PlyCount "86"]
[EventDate "2006.10.??"]

1. d4 d5 2. c4 c6 3. Nf3 Nf6 4. e3 Bf5 5. cxd5 cxd5 6. Nc3 e6 7. Ne5 Nfd7 8.
Qb3 Nxe5 9. dxe5 Qd7 10. Bb5 Nc6 11. Na4 Be7 12. Bd2 O-O 13. Rc1 Qc7 14. Bxc6
bxc6 15. Qc3 Rac8 16. b4 f6 17. exf6 Rxf6 18. O-O Bd6 19. f4 Qf7 20. Qb2 Qh5
21. Bc3 Rh6 22. g3 Rg6 23. Be5 Be7 24. Nc5 Rg4 25. a3 Qg6 26. Kf2 h5 27. Rg1 h4
28. Bd4 hxg3+ 29. hxg3 Kf7 30. Nd7 Bf6 31. Ke1 Rxg3 32. Rxg3 Qxg3+ 33. Qf2 Qh3
34. Ne5+ Bxe5 35. Bxe5 Qh1+ 36. Qf1 Qe4 37. Qg1 Bg6 38. Kf2 Qd3 39. Rc3 Qd2+
40. Kg3 Be4 41. Qh2 Qd1 42. Qf2 Qh5 43. Qf1 Rh8 0-1

[Event "Cto. Espana Selecciones Autonomicas"]
[Site "Padron"]
[Date "2006.10.06"]
[Round "2.1"]
[White "Lacasa Diaz, Jose Antonio"]
[Black "Lopez del Alamo, Antonio"]
[Result "1-0"]
[WhiteElo "2410"]
[BlackElo "2301"]
[PlyCount "81"]
[EventDate "2006.10.??"]

1. e4 c5 2. Nf3 e6 3. d4 cxd4 4. Nxd4 Nf6 5. Nc3 Nc6 6. Ndb5 d6 7. Bf4 e5 8.
Bg5 a6 9. Na3 b5 10. Nd5 Be7 11. Bxf6 Bxf6 12. c4 b4 13. Nc2 a5 14. Be2 O-O 15.
O-O Bg5 16. Qd3 f5 17. Bf3 f4 18. Rfd1 Rb8 19. b3 Be6 20. a3 bxa3 21. Rxa3 Rf7
22. Nc3 Be7 23. Nb5 Bf8 24. Raa1 Rd7 25. Qe2 Qh4 26. h3 Bf7 27. Rd3 h5 28. Rad1
a4 29. Nca3 axb3 30. Rxb3 g5 31. Rbd3 Nd4 32. Nxd4 exd4 33. Rxd4 Bg7 34. Nb5
Be5 35. Rxd6 Rxd6 36. Nxd6 Rb2 37. Qxb2 Bxb2 38. Nf5 Bxc4 39. Nxh4 gxh4 40.
Bxh5 Be5 41. Rd7 1-0

[Event "Cto. Espana Selecciones Autonomicas"]
[Site "Padron"]
[Date "2006.10.06"]
[Round "2.1"]
[White "Castejon Caballero, Natalia"]
[Black "Llaneza Vega, Patricia"]
[Result "0-1"]
[WhiteElo "2063"]
[BlackElo "2232"]
[PlyCount "84"]
[EventDate "2006.10.??"]

1. e4 c5 2. c3 e5 3. Nf3 Nc6 4. Bc4 Be7 5. O-O Nf6 6. Re1 O-O 7. d3 d6 8. Bb3
Qc7 9. Nbd2 b5 10. Nf1 Na5 11. Bc2 h6 12. Ne3 Re8 13. a3 Bf8 14. b4 Nb7 15. Rb1
Bd7 16. Bb3 Nd8 17. Nh4 Be6 18. Nhf5 Bxb3 19. Qxb3 cxb4 20. cxb4 Rc8 21. Bb2
Ne6 22. Qd1 g6 23. Nh4 Bg7 24. Nf3 Qb7 25. Qb3 Rc7 26. Rbc1 Rec8 27. Rc2 Nf4
28. g3 Rxc2 29. Nxc2 Qd7 30. Ne3 Nh3+ 31. Kg2 Ng4 32. Nxg4 Qxg4 33. Qd1 Qe6 34.
Qd2 Nf4+ 35. Kh1 Qh3 36. Rg1 Qh5 37. Ne1 Nh3 38. Rg2 Ng5 39. Qe3 Qd1 40. Rg1
Nh3 41. Rf1 Rc2 42. g4 Nf4 0-1

[Event "Cto. Espana Selecciones Autonomicas"]
[Site "Padron"]
[Date "2006.10.06"]
[Round "2.2"]
[White "Fernandez Garcia, Jose Luis"]
[Black "Salgado Lopez, Ivan"]
[Result "1/2-1/2"]
[WhiteElo "2470"]
[BlackElo "2425"]
[PlyCount "132"]
[EventDate "2006.10.??"]

1. e4 c5 2. Nf3 d6 3. Bb5+ Nc6 4. O-O Bg4 5. c3 a6 6. Bxc6+ bxc6 7. d4 cxd4 8.
cxd4 e6 9. Be3 Nf6 10. Nbd2 Be7 11. Qa4 Qb6 12. e5 Nd5 13. exd6 Bxd6 14. Nc4
Qc7 15. Nfe5 Bf5 16. Nxd6+ Qxd6 17. Nc4 Qc7 18. Qa3 Qe7 19. Qxe7+ Kxe7 20. Rfc1
Rab8 21. b3 Rhc8 22. Bd2 f6 23. Na5 Kd7 24. a3 g5 25. b4 h5 26. Rc5 h4 27. Rac1
Rb6 28. f3 g4 29. fxg4 Bxg4 30. Kf2 Bf5 31. Nb3 Rg8 32. Ra5 Rg4 33. Re1 Kd6 34.
Bh6 Rb8 35. Rxa6 Rbg8 36. Rg1 Be4 37. Nc5 Rxg2+ 38. Rxg2 Rxg2+ 39. Kf1 Bf3 40.
Ra7 Nb6 41. Rb7 Kd5 42. Rxb6 Rxh2 43. Rb8 h3 44. Rd8+ Kc4 45. Bf4 Ra2 46. Rh8
Rxa3 47. Kf2 Bd5 48. Be3 f5 49. Rh4 Ra2+ 50. Kg3 Re2 51. Bf4 Kxb4 52. Be5 Kc4
53. Rxh3 Rxe5 54. dxe5 Kxc5 55. Kf4 Kc4 56. Rh2 Kc3 57. Rh3+ Kd4 58. Rh2 Bc4
59. Rd2+ Bd3 60. Ra2 c5 61. Ra4+ Bc4 62. Ra1 Bb3 63. Ra6 Bd5 64. Ra1 Bc4 65.
Ra5 Bd3 66. Ra8 Bc4 1/2-1/2

[Event "Cto. Espana Selecciones Autonomicas"]
[Site "Padron"]
[Date "2006.10.06"]
[Round "2.2"]
[White "Paramos Dominguez, Roberto"]
[Black "Ortega Hermida, Daniel"]
[Result "1-0"]
[WhiteElo "2414"]
[BlackElo "2380"]
[PlyCount "51"]
[EventDate "2006.10.??"]

1. e4 c5 2. Nf3 e6 3. d4 cxd4 4. Nxd4 Nc6 5. Nc3 a6 6. Be2 Qc7 7. Be3 Nf6 8.
O-O Be7 9. f4 d6 10. a4 O-O 11. Kh1 Rb8 12. Bd3 Nxd4 13. Bxd4 e5 14. Ba7 Ra8
15. Be3 exf4 16. Rxf4 Be6 17. Nd5 Bxd5 18. exd5 Nd7 19. Rc4 Qd8 20. Rb4 Qc7 21.
Ra3 21... Bf6 { } 22. Bxh7+ Kxh7 23. Bb6 Nxb6 24. Qh5+ Kg8 25. Rh3 Bh4 26. Qh8+
1-0

[Event "Cto. Espana Selecciones Autonomicas"]
[Site "Padron"]
[Date "2006.10.06"]
[Round "2.2"]
[White "Brito Garcia, Alfredo"]
[Black "Suarez Pousa, Diego"]
[Result "0-1"]
[WhiteElo "2364"]
[BlackElo "2394"]
[PlyCount "79"]
[EventDate "2006.10.??"]

1. d4 Nf6 2. Nf3 e6 3. c4 Bb4+ 4. Bd2 Qe7 5. g3 Nc6 6. Nc3 Bxc3 7. Bxc3 Ne4 8.
Rc1 Nxc3 9. Rxc3 d6 10. d5 Nb8 11. dxe6 fxe6 12. Bg2 O-O 13. O-O Nd7 14. Nd4
Nf6 15. Nc2 Bd7 16. e4 Bc6 17. Qe2 Rad8 18. Nd4 e5 19. Nc2 a5 20. a3 Ra8 21. f3
a4 22. Nb4 Nd7 23. Nd5 Bxd5 24. cxd5 Nc5 25. Qc2 Qg5 26. Rf2 h5 27. Bf1 h4 28.
Rg2 Rf6 29. Qc1 Qxc1 30. Rxc1 Rxf3 31. gxh4 Raf8 32. Be2 R3f4 33. h5 R8f6 34.
Rg4 Rf2 35. Rf1 Rxf1+ 36. Bxf1 Kf7 37. Kg2 Rh6 38. Rh4 Kf6 39. Be2 g6 40. Kf2
0-1

[Event "Cto. Espana Selecciones Autonomicas"]
[Site "Padron"]
[Date "2006.10.06"]
[Round "2.2"]
[White "Garcia Castro, Pablo"]
[Black "Solana Suarez, Ernesto"]
[Result "1/2-1/2"]
[WhiteElo "2390"]
[BlackElo "2313"]
[PlyCount "47"]
[EventDate "2006.10.??"]

1. e4 c5 2. d3 d5 3. exd5 Qxd5 4. Nc3 Qd7 5. Nf3 Nc6 6. g3 b6 7. Bg2 Bb7 8. O-O
e6 9. Re1 Nf6 10. Bf4 Be7 11. a4 O-O 12. Ne5 Nxe5 13. Bxe5 Bxg2 14. Kxg2 Qc6+
15. Qf3 Qxf3+ 16. Kxf3 Nd7 17. Bf4 a6 18. Rad1 Rac8 19. b3 Rfd8 20. h4 Nf6 21.
Bg5 Kf8 22. Bxf6 Bxf6 23. Ne4 Ke7 24. Nxf6 1/2-1/2

[Event "Cto. Espana Selecciones Autonomicas"]
[Site "Padron"]
[Date "2006.10.06"]
[Round "2.2"]
[White "Vega Gutierrez, Sabrina"]
[Black "Garcia Carbo, Marcial"]
[Result "0-1"]
[WhiteElo "2299"]
[BlackElo "2384"]
[PlyCount "76"]
[EventDate "2006.10.??"]

1. e4 e6 2. Nf3 d5 3. Nc3 Nf6 4. e5 Ne4 5. Ne2 Ng5 6. Nxg5 Qxg5 7. d4 Qd8 8.
Nf4 c5 9. dxc5 Qc7 10. Nd3 Nd7 11. Bf4 Nxc5 12. Nxc5 Bxc5 13. Bd3 f6 14. Qh5+
Qf7 15. Bb5+ Kf8 16. Qe2 Qc7 17. O-O-O g5 18. Be3 Bxe3+ 19. Qxe3 Qxe5 20. Qc5+
Kf7 21. Rhe1 Qf4+ 22. Re3 Rd8 23. Be2 Qd6 24. Qd4 e5 25. Qd3 Kg7 26. h4 g4 27.
Bxg4 Bxg4 28. Rg3 h5 29. Qf5 Kh6 30. Rxg4 hxg4 31. Rd3 e4 32. h5 Rg8 33. Rxd5
Qf8 34. Rd7 Rg7 35. f3 exf3 36. gxf3 g3 37. Rxb7 g2 38. Qf4+ Rg5 0-1

[Event "Cto. Espana Selecciones Autonomicas"]
[Site "Padron"]
[Date "2006.10.06"]
[Round "2.2"]
[White "Beltran Ortiz, Edda"]
[Black "Cabrera Trujillo, Jorge"]
[Result "0-1"]
[WhiteElo "1940"]
[BlackElo "2255"]
[PlyCount "94"]
[EventDate "2006.10.??"]

1. e4 c5 2. Nf3 d6 3. d4 cxd4 4. Qxd4 a6 5. c4 Nc6 6. Qd2 g6 7. Be2 Bg4 8. Nc3
Bh6 9. Qd1 Bxf3 10. Bxf3 Bg7 11. Be3 Nf6 12. O-O Nd7 13. Be2 Nc5 14. f3 O-O 15.
Rc1 Ne6 16. Qd2 Bd4 17. Kh1 Qa5 18. Rfd1 Rab8 19. b3 Rfc8 20. Bxd4 Nexd4 21.
Qb2 e5 22. a3 b5 23. b4 Qc7 24. Nd5 Qa7 25. c5 Ne7 26. Nxe7+ Qxe7 27. cxd6 Qxd6
28. Bd3 Rxc1 29. Qxc1 Qe6 30. Qb2 Rc8 31. Rc1 Rxc1+ 32. Qxc1 Qb3 33. Bf1 Qc2
34. Qa1 Qd2 35. h3 Kg7 36. Kh2 Nxf3+ 37. Kh1 Nd4 38. Qb1 Qc3 39. a4 bxa4 40.
Bxa6 a3 41. Qa2 Qxb4 42. Qd5 Qe7 43. Bc4 Nc2 44. Qa5 Qg5 45. Bb3 Qc1+ 46. Kh2
Qf4+ 47. Kh1 Ne3 0-1

[Event "Cto. Espana Selecciones Autonomicas"]
[Site "Padron"]
[Date "2006.10.06"]
[Round "2.3"]
[White "Gonzalez Menendez, Ivan"]
[Black "Reinaldo Castineira, Roi"]
[Result "1/2-1/2"]
[WhiteElo "2420"]
[BlackElo "2441"]
[PlyCount "53"]
[EventDate "2006.10.??"]

1. e4 c5 2. Nf3 e6 3. d4 cxd4 4. Nxd4 a6 5. Nc3 b5 6. Bd3 Bb7 7. O-O Nc6 8.
Nxc6 Bxc6 9. Qe2 Qb8 10. a4 10... b4 { } 11. Nd5 Bd6 12. Kh1 Ne7 13. Nxe7 Bxe7
14. Bxa6 Bxe4 15. Qxe4 Rxa6 16. Bf4 Qc8 17. Bd2 Rc6 18. a5 O-O 19. c3 Rc4 20.
Qd3 b3 21. a6 d5 22. Be3 Qc6 23. Ra5 Bd8 24. Ra3 Be7 25. Ra5 Bd8 26. Ra3 Be7
27. Ra5 1/2-1/2

[Event "Cto. Espana Selecciones Autonomicas"]
[Site "Padron"]
[Date "2006.10.06"]
[Round "2.3"]
[White "Pena Gomez, Manuel"]
[Black "Llaneza Vega, Marcos"]
[Result "1-0"]
[WhiteElo "2319"]
[BlackElo "2381"]
[PlyCount "71"]
[EventDate "2006.10.??"]

1. e4 c5 2. Nc3 Nc6 3. Nf3 Nf6 4. Bb5 Qc7 5. O-O Nd4 6. Nxd4 cxd4 7. Nd5 Nxd5
8. exd5 g6 9. d3 Bg7 10. Re1 Qc5 11. Bc4 b5 12. b4 Qb6 13. Bb3 O-O 14. Rxe7 Qd6
15. Re4 Bb7 16. Bg5 Rfe8 17. Qe1 Rxe4 18. Qxe4 Qxb4 19. h4 a5 20. a4 Qc3 21.
Rb1 Qc5 22. axb5 a4 23. Bc4 a3 24. Qe7 Qxe7 25. Bxe7 Bf8 26. Bxf8 Kxf8 27. d6
f6 28. Re1 Re8 29. Ra1 Ra8 30. f3 g5 31. Kh2 Kg7 32. Kg3 Kg6 33. Re1 Kf5 34. h5
Ra5 35. Bg8 g4 36. f4 1-0

[Event "Cto. Espana Selecciones Autonomicas"]
[Site "Padron"]
[Date "2006.10.06"]
[Round "2.3"]
[White "Andres Gonzalez, Ivan"]
[Black "Permuy Lorenzo, Carlos"]
[Result "0-1"]
[WhiteElo "2367"]
[BlackElo "2358"]
[PlyCount "96"]
[EventDate "2006.10.??"]

1. e4 c5 2. Nf3 d6 3. d4 cxd4 4. Nxd4 Nf6 5. Nc3 g6 6. Bc4 Bg7 7. O-O O-O 8.
Bb3 Nc6 9. h3 Nxd4 10. Qxd4 Be6 11. Qd3 Rc8 12. Be3 a6 13. f4 Qc7 14. Bxe6 fxe6
15. Bd4 Qc4 16. Rad1 Qxd3 17. Rxd3 b5 18. a3 Nd7 19. Bxg7 Kxg7 20. Rd4 Nb6 21.
Rf2 Nc4 22. Nd1 e5 23. fxe5 Rxf2 24. Kxf2 dxe5 25. Rd7 Nxb2 26. Ne3 Kf8 27. Ra7
Rc6 28. Kf3 Rc3 29. Ke2 Rxa3 30. Nd5 Nc4 31. Nxe7 Re3+ 32. Kf2 Rc3 33. Nd5
Rxc2+ 34. Kf3 a5 35. Nf6 b4 36. Rd7 Nd2+ 37. Kg4 Nxe4 38. Nxe4 Rc4 39. Kf3 b3
40. Rb7 a4 41. Nd2 Rc2 42. Ke3 h5 43. h4 e4 44. Rb4 b2 45. Nb1 Rxg2 46. Rxa4
Rg1 47. Nd2 Re1+ 48. Kf2 e3+ 0-1

[Event "Cto. Espana Selecciones Autonomicas"]
[Site "Padron"]
[Date "2006.10.06"]
[Round "2.3"]
[White "Espineira Gonzalez, Diego"]
[Black "Vigil Alvarez, Luis"]
[Result "1/2-1/2"]
[WhiteElo "2292"]
[BlackElo "2324"]
[PlyCount "32"]
[EventDate "2006.10.??"]

1. e4 d5 2. exd5 Qxd5 3. Nf3 Nf6 4. Be2 c6 5. d4 Qd6 6. O-O Bg4 7. Bg5 Nbd7 8.
Nbd2 e6 9. Re1 Be7 10. Nc4 Qc7 11. Bh4 O-O 12. Bg3 Qd8 13. c3 Nh5 14. Nfe5 Bxe2
15. Qxe2 Nxg3 16. hxg3 Nxe5 1/2-1/2

[Event "Cto. Espana Selecciones Autonomicas"]
[Site "Padron"]
[Date "2006.10.06"]
[Round "2.3"]
[White "Fidalgo Fernandez, Javier"]
[Black "Fernandez Losada, Daniel"]
[Result "0-1"]
[WhiteElo "2243"]
[BlackElo "2145"]
[PlyCount "96"]
[EventDate "2006.10.??"]

1. e4 c5 2. c3 d5 3. exd5 Qxd5 4. d4 Nc6 5. Nf3 Bg4 6. Be2 e6 7. h3 Bh5 8. O-O
Nf6 9. Be3 cxd4 10. cxd4 Be7 11. Nc3 Qd7 12. Ne5 Bxe2 13. Qxe2 Nxe5 14. dxe5
Nd5 15. Rfd1 Nxc3 16. bxc3 Qc6 17. Qg4 g6 18. Bh6 a6 19. Rd3 Rd8 20. Rad1 Rd5
21. Bg7 Rg8 22. Bf6 g5 23. Rxd5 exd5 24. Rd3 Rg6 25. Bxe7 Kxe7 26. Qf3 Ke6 27.
Qg4+ Ke7 28. Qb4+ Ke6 29. c4 Qxc4 30. Qd6+ Kf5 31. Rf3+ Ke4 32. Re3+ Kd4 33.
Qe7 g4 34. Qxb7 Qc1+ 35. Kh2 g3+ 36. Rxg3 Rxg3 37. fxg3 Kxe5 38. Qxa6 Qc4 39.
Qh6 d4 40. Qf4+ Kd5 41. Qxf7+ Kc5 42. Qf5+ Kb4 43. Qb1+ Ka3 44. Kg1 d3 45. Qd1
Qc2 46. Qf3 Kb2 47. Qf6+ Qc3 48. Qb6+ Kc2 0-1

[Event "Cto. Espana Selecciones Autonomicas"]
[Site "Padron"]
[Date "2006.10.06"]
[Round "2.3"]
[White "Gonzalez Campo, Greta"]
[Black "Fidalgo Fernandez, Lucia"]
[Result "0-1"]
[WhiteElo "1889"]
[BlackElo "2079"]
[PlyCount "63"]
[EventDate "2006.10.??"]

1. e4 c5 2. d3 e6 3. g3 d5 4. Nd2 Nc6 5. Bg2 Nf6 6. Ngf3 a6 7. O-O Be7 8. Re1
O-O 9. a3 b5 10. Qe2 Bb7 11. Nf1 Rc8 12. e5 Nd7 13. h4 Qc7 14. Bf4 Nd4 15. Qd2
Nxf3+ 16. Bxf3 c4 17. Qe2 Nc5 18. d4 Na4 19. c3 a5 20. Qd2 Ra8 21. Nh2 b4 22.
axb4 axb4 23. Ng4 Qa5 24. Bd1 Bc6 25. Bg5 bxc3 26. bxc3 Bxg5 27. Qxg5 Qxc3 28.
Nf6+ Kh8 29. Bh5 Qc2 30. g4 Nc3 31. Rxa8 Bxa8 32. Kh2 0-1

[Event "Cto. Espana Selecciones Autonomicas"]
[Site "Padron"]
[Date "2006.10.06"]
[Round "2.4"]
[White "Calzetta Ruiz, Monica"]
[Black "Bolado Saez, Sergio"]
[Result "0-1"]
[WhiteElo "2344"]
[BlackElo "2297"]
[PlyCount "122"]
[EventDate "2006.10.??"]

1. e4 c5 2. Nc3 d6 3. f4 g6 4. Nf3 Bg7 5. Bc4 e6 6. d3 Ne7 7. O-O O-O 8. Qe1 d5
9. Bb3 Nbc6 10. Bd2 Rb8 11. a4 a6 12. f5 gxf5 13. exd5 exd5 14. Qg3 Be6 15. Ng5
c4 16. Ba2 b5 17. axb5 axb5 18. Rae1 Qd7 19. Qh3 h6 20. Nxe6 fxe6 21. Bxh6 Rf6
22. Bxg7 Kxg7 23. dxc4 dxc4 24. Qe3 b4 25. Ne2 Nd5 26. Qc5 b3 27. cxb3 cxb3 28.
Bb1 Rh8 29. Rf3 Rfh6 30. h3 Rb8 31. Nd4 Nxd4 32. Qxd4+ Kf7 33. Bd3 Rb4 34. Qf2
Nf6 35. Ra1 Rd4 36. Qe3 Rhh4 37. Ra8 Qb7 38. Ra3 Nd5 39. Qg5 Nf4 40. Rg3 Qxg2+
41. Rxg2 Nxh3+ 42. Kf1 Nxg5 43. Rxb3 Kf6 44. Ke2 Rb4 45. Rxb4 Rxb4 46. Kd1 e5
47. Kc2 e4 48. Kc3 Rb8 49. Bc4 f4 50. b4 f3 51. Rg1 e3 52. b5 Kf5 53. Kd4 Kf4
54. Rb1 e2 55. Bxe2 fxe2 56. Kc5 Ne4+ 57. Kc6 Nc3 58. Re1 Ke3 59. b6 Na4 60. b7
Nc5 61. Kxc5 Rxb7 0-1

[Event "Cto. Espana Selecciones Autonomicas"]
[Site "Padron"]
[Date "2006.10.06"]
[Round "2.4"]
[White "Revilla Rio, Francisco"]
[Black "Gonzalez Arribas, Vidal Alejandro"]
[Result "0-1"]
[WhiteElo "2200"]
[BlackElo "2297"]
[PlyCount "56"]
[EventDate "2006.10.??"]

1. Nf3 d5 2. c4 e6 3. e3 Nf6 4. b3 Be7 5. Bb2 O-O 6. Nc3 c5 7. d4 Nc6 8. dxc5
Bxc5 9. a3 Re8 10. Qc2 d4 11. exd4 Nxd4 12. Nxd4 Bxd4 13. Be2 Bd7 14. Bf3 Bc6
15. O-O-O e5 16. Rhe1 Qb6 17. Nd5 Nxd5 18. Bxd4 exd4 19. Rxe8+ Rxe8 20. cxd5
Bd7 21. Kb2 Rc8 22. Qd2 Rc3 23. b4 Qa6 24. Ra1 Qc4 25. Bd1 a5 26. bxa5 Qb5+ 27.
Ka2 Qxd5+ 28. Kb1 Bf5+ 0-1

[Event "Cto. Espana Selecciones Autonomicas"]
[Site "Padron"]
[Date "2006.10.06"]
[Round "2.4"]
[White "Tattersall, Lester"]
[Black "Ceballos Hornero, Daniel"]
[Result "1-0"]
[WhiteElo "2254"]
[BlackElo "2178"]
[PlyCount "89"]
[EventDate "2006.10.??"]

1. Nf3 Nf6 2. c4 c5 3. g3 b6 4. Bg2 Bb7 5. Nc3 g6 6. O-O Bg7 7. e3 O-O 8. d4
Ne4 9. Qd3 Nxc3 10. Qxc3 Be4 11. Qd2 d5 12. dxc5 dxc4 13. Rd1 Qc7 14. cxb6 axb6
15. Nd4 Bxg2 16. Kxg2 Rd8 17. Qc2 Na6 18. Bd2 Bxd4 19. exd4 Rxd4 20. Bc3 Rxd1
21. Rxd1 Nc5 22. h4 Rd8 23. Re1 Rd5 24. Kg1 b5 25. Qe2 e6 26. a3 Nd3 27. Rf1
Qd8 28. Qe3 Qf8 29. Kg2 Rf5 30. Qd4 e5 31. Qe4 h5 32. b4 Kh7 33. f3 Qb8 34. a4
Qa7 35. a5 Rf6 36. f4 Rf5 37. Bxe5 Nxb4 38. Bd4 Qb8 39. Rb1 Nd5 40. a6 b4 41.
Kh2 Nc7 42. a7 Qb5 43. a8=Q Nxa8 44. Qxa8 f6 45. Re1 1-0

[Event "Cto. Espana Selecciones Autonomicas"]
[Site "Padron"]
[Date "2006.10.06"]
[Round "2.4"]
[White "Angulo Martinez, Jon"]
[Black "Munoz Agullo, Jose Francisco"]
[Result "0-1"]
[WhiteElo "2114"]
[BlackElo "2276"]
[PlyCount "92"]
[EventDate "2006.10.??"]

1. d4 d5 2. Nc3 Bf5 3. Bg5 Nf6 4. e3 Nbd7 5. Bd3 Bxd3 6. Qxd3 e6 7. Nf3 Be7 8.
O-O-O c6 9. h4 b5 10. Kb1 a6 11. Rde1 Qa5 12. Ne5 Rc8 13. Nxd7 Kxd7 14. Bxf6
gxf6 15. e4 Bb4 16. Re2 Bxc3 17. bxc3 Rb8 18. Rhe1 Qa3 19. f4 dxe4 20. Rxe4 f5
21. R4e3 Rhg8 22. g3 Rg4 23. Ka1 a5 24. Rb1 Kc7 25. Rb3 Qc1+ 26. Rb1 Qa3 27.
Qd2 Qa4 28. Rd3 Rd8 29. Qe3 Rd5 30. c4 Qxc4 31. Rc3 Qxd4 32. Qxd4 Rxd4 33. Rxb5
Rxg3 34. Rxg3 cxb5 35. Rg7 Rxf4 36. Rxf7+ Kd6 37. Rxh7 e5 38. Kb2 Rf3 39. h5
Rh3 40. h6 f4 41. Rh8 Kd5 42. Kc1 Ke4 43. Kd2 Rh2+ 44. Ke1 Ke3 45. Kf1 f3 46.
Kg1 Rh5 0-1

[Event "Cto. Espana Selecciones Autonomicas"]
[Site "Padron"]
[Date "2006.10.06"]
[Round "2.4"]
[White "Pons Carreras, David"]
[Black "Gonzalez Merino, Alberto"]
[Result "0-1"]
[WhiteElo "2272"]
[BlackElo "2058"]
[PlyCount "112"]
[EventDate "2006.10.??"]

1. Nf3 d5 2. c4 e6 3. g3 Nf6 4. Bg2 dxc4 5. Qa4+ c6 6. Qxc4 b5 7. Qc2 Bb7 8.
O-O Nbd7 9. a4 Rc8 10. Nc3 a6 11. d3 Bd6 12. e4 Ne5 13. Ne1 Bc5 14. Kh1 h5 15.
h3 Nfg4 16. Nd1 Bb6 17. f3 Nf6 18. Bg5 Qd7 19. f4 Nh7 20. fxe5 Nxg5 21. Qd2 Nh7
22. Nf3 Rd8 23. Ng5 Nxg5 24. Qxg5 g6 25. Nf2 Bd4 26. g4 Qc7 27. gxh5 Rxh5 28.
Qf4 Bxe5 29. Qf3 Bxb2 30. Ra2 Bd4 31. Ng4 f5 32. Re2 Kd7 33. exf5 exf5 34. axb5
axb5 35. Rfe1 Kc8 36. Re7 Qb6 37. Ne5 Bxe5 38. R1xe5 Rh4 39. Qg3 Rhd4 40. Rxb5
cxb5 41. Bxb7+ Qxb7+ 42. Rxb7 Kxb7 43. Qxg6 R8d5 44. Qf7+ Kb6 45. Qe6+ Ka5 46.
Qe7 Rxd3 47. h4 b4 48. Qa7+ Kb5 49. Qb7+ Kc4 50. Qa6+ Kc3 51. Qc6+ Kb2 52. h5
b3 53. h6 Rd6 54. Qg2+ Kb1 55. Qg7 Rc6 56. h7 Rc1+ 0-1

[Event "Cto. Espana Selecciones Autonomicas"]
[Site "Padron"]
[Date "2006.10.06"]
[Round "2.4"]
[White "Arce Calva, Elvira"]
[Black "Serrano Bozada, Esteban"]
[Result "1/2-1/2"]
[WhiteElo "1756"]
[BlackElo "2073"]
[PlyCount "54"]
[EventDate "2006.10.??"]

1. e4 e6 2. d4 d5 3. e5 c5 4. c3 Nc6 5. Nf3 Qb6 6. a3 a5 7. a4 f6 8. Bb5 Bd7 9.
Na3 cxd4 10. Bxc6 bxc6 11. cxd4 fxe5 12. dxe5 Bb4+ 13. Nd2 Ne7 14. O-O O-O 15.
Nf3 Ng6 16. Be3 c5 17. Nc2 d4 18. Bd2 Bc6 19. Ng5 Bxd2 20. Qxd2 Nxe5 21. Qe2
Rf5 22. Qd2 Bd5 23. Nh3 Bxg2 24. Ng5 Rxg5 25. Qxg5 Nf3+ 26. Kxg2 Nxg5 27. h4
Qxb2 1/2-1/2